000 00382nam a2200145Ia 4500
008 231217s9999 xx 000 0 und d
041 _aEnglish
082 _a510.02462 RAM.3;11
100 _aRamamurthy KQureshi, Arshad
245 0 _aElements of engineering mathematics V.3
260 _c1997
_bSudha
300 _aiv+587
650 _aEngineering mathematics 3
942 _cAA
999 _c164803
_d164803